| 000 | 01424nam a22004577a 4500 | ||
|---|---|---|---|
| 003 | OSt | ||
| 005 | 20260506081120.0 | ||
| 007 | ta | ||
| 008 | 260506s2025 ag ||||| |||| 00| 0 spa d | ||
| 020 | _a9786316663535 | ||
| 040 | _ccj catamarca | ||
| 082 | _a347.952.4 B724 | ||
| 100 | 1 | 0 |
_9331 _aBoonman, Vanessa J. A. |
| 245 | 1 | 3 |
_aLa accion preventiva de daños: _bla complejidad de la decision judicial |
| 250 | _a1º ed. | ||
| 260 |
_aResistencia: _bContexto, _c2025 |
||
| 300 |
_a470 p. _c23 cm |
||
| 500 | _aINVENTARIO Nº 8176 | ||
| 650 | 7 | _2SAIJ | |
| 653 | _aCCyC | ||
| 653 | _aACCION PREVENTIVA | ||
| 653 | _aDAÑO | ||
| 653 | _aDAÑO-PREVENCION | ||
| 653 | _aArts. 1710 a 1715-CCyC | ||
| 653 | _aPREVENCION PROCESAL | ||
| 653 | _aPREVENCION-MAGISTRATURA-ROL | ||
| 653 | _aPREVENCION-PROCEDIMIENTO | ||
| 653 | _aACCION PREVENTIVA-PRUEBA | ||
| 653 | _aDECISION JUDICIAL-MOTIVACION | ||
| 653 | _aPREVENCION-PRINCIPIOS PROCESALES | ||
| 653 | _aPREVENCION-DAÑO-INTERNET | ||
| 653 | _aREDES SOCIALES-DERECHOS PERSONALISIMOS | ||
| 653 | _aPREVENCION-DERECHO NIÑO | ||
| 653 | _aFAKE NEWS-NOTICIAS FALSAS | ||
| 653 | _aBUSCADORES-RESPONSABILIDAD | ||
| 653 | _aLIBERTAD DE EXPRESION-DIFAMACION | ||
| 653 | _aPREVENCION-DERECHO AMBIENTAL | ||
| 653 | _aJURISPRUDENCIA | ||
| 856 | _uhttps://drive.google.com/file/d/1gO8Dzr5KY0Gev5ELnOvusTe69_euZpwt/view?usp=sharing | ||
| 942 |
_2ddc _cBK _n0 |
||
| 999 |
_c6545 _d6545 |
||